Представление документа в формате RUSMARC

ПолеНазваниеЗначение
  Тип записи a
  Библиографический уровень m
001 Контрольный номер RU/SLIB/B/208782862
005 Дата корректировки 20201206204349.3
010 Индекс ISBN __
d Цена 100-00
101 Язык документа 0_
a Язык текста rus
c Язык оригинала rus
200 Заглавие и сведения об ответственности 1_
a Заглавие Голос друга
e Сведения, относящиеся к заглавию повесть о книге
f Первые сведения об ответственности Борис Евгеньев
b Общее обозначение материала Текст
210 Выходные данные __
a Место издания М.
c Издательство Совет. Россия
d Дата издания 1978
215 Физическое описание __
a Объем 142, [2] с.
300 Общие примечания __
a Общие примечания Кн. из лич. б-ки О. Г. Ласунского
a Общие примечания Ред. кн.
330 Аннотация __
a Аннотация Сложная нить существования книги, наполненной революционным пафосом, в истории которой проходят разные эпохи и судьбы разных людей.
600 Персоналии __
a Персоналии (Фамилия) Тибо, Ф.
g Полное имя Франсуа
605 Заглавие как предмет __
a Заглавие Рассуждение о свободе человека / Ф. Тибо
606 Тематические рубрики __
a Основная рубрика Художественная литература
z Хронологическая подрубрика 20 в.
y Географическая подрубрика Россия; Франция
606 Тематические рубрики __
a Основная рубрика Русская литература XX в. (произведения)
610 Ключевые слова __
a Ключевые слова книги; история книги; повести; приключения; тема приключений; персоналии; исторические деятели; исторические повести; историческая проза
686 Индексы других классификаций __
a Классификационный индекс 84(2Рос=Рус)6-4
700 Автор _1
a Фамилия Евгеньев
b Имя Б. С.
g Полное личное имя Борис Сергеевич
4 Код отношения 070
801 Источник записи _0
a Страна RU
b Организация Муниципальное бюджетное учреждение культуры "Централизованная библиотечная система" г. Сургут (Центральная городская библиотека им. А. С. Пушкина)
g Правила каталогизации КиК/Поспелова
801 Источник записи _1
a Страна RU
b Организация Муниципальное бюджетное учреждение культуры "Централизованная библиотечная система" г. Сургут (Центральная городская библиотека им. А. С. Пушкина)
g Правила каталогизации КиК/Поспелова
852 Данные о местонахождении __
j Шифр хранения 84(2Рос=Рус)6-4
c Каталожный индекс 84(2Рос=Рус)6-4
i Авторский знак Е 14
p Инвентарный номер 06021147
901 Тип документа __
t Тип документа m
903 Характеристики (МАРС) __
a Дата передачи 20060131
990 Данные о заказе (DOS) __
j Количество экземпляров (DOS) 1
t N записи в КСУ для И/У (DOS) 200602